| 000 | 00000nam##2200000za#4500 |
| 001 | 9.642994 |
| 003 | CaOODSP |
| 005 | 20210624223950 |
| 007 | cr ||||||||||| |
| 008 | 150407|2004||||xxc|||||o f|0| 0 fre|d |
| 040 | |aCaOODSP|bfre |
| 043 | |an-cn--- |
| 086 | 1 |aEn14-139/2004F-PDF |
| 110 | 1 |aCanada. |bEnvironnement Canada. |
| 245 | 10|aStratégie de gestion du risque concernant le nonylphénol et ses dérivés éthoxylés en vertu de la LCPE (1999) |h[ressource électronique] |
| 260 | |aOttawa - Ontario : |bEnvironnement Canada |cSeptembre 2004. |
| 300 | |a12p.|btableaux |
| 590 | |a14-08-Supp|b2014-04-10 |
| 691 | 07|aGestion des risques|2gcpds |
| 691 | 07|aImpact sur l'environnement|2gcpds |
| 691 | 07|aProduit toxique|2gcpds |
| 775 | 08|tRisk management strategy for nonylphenol and its ethoxylates under CEPA (1999) |w(CaOODSP)9.699007 |
| 856 | 40|ahttp://publications.gc.ca|qPDF|s294 Ko|uhttps://publications.gc.ca/collections/collection_2014/ec/En14-139-2004-fra.pdf |